00656nam a2200229Ia 4500003000900000008004100009040001300050040001300063041000800076100001800084245003500102250001000137260002100147260000900168300000800177490000900185490000800194700002000202942000700222999001300229952018400242IT-RoPAU120407s9999 xx 000 0 und d aIT-RoPAU cIT-RoPAU aita aLouis Rétif aLa Chiesa in stato di missione aRoma  aEdizioni Paoline c1963 c cm aEcuo v101 aAndré Rétif cBK c212d212 00102ddc406208_21101000000000071aPAULUSbPAULUSd2012-04-11l0o208.21101r2012-04-11 00:00:00w2012-04-11yBKzInserito da: In data: n.d. fondo: Via A.Severo 56 Progr:18583